Introductory nuclear physics
Na minha lista:
| Autor principal: | |
|---|---|
| Formato: | Livro |
| Idioma: | inglês |
| Publicado em: |
Nueva York
Wiley
1988
|
| Assuntos: | |
| Tags: |
Adicionar Tag
Sem tags, seja o primeiro a adicionar uma tag!
|
MARC
| LEADER | 00000nam a2200000 a 4500 | ||
|---|---|---|---|
| 001 | UCX0813 | ||
| 003 | CL-VaPUC | ||
| 008 | 900319e19880000US |||||||||||||||||eng|d | ||
| 082 | 0 | 4 | |a 539.7 |b KRA |2 21 |
| 100 | |a Krane, Kenneth S |e author |9 480848 | ||
| 245 | 1 | 0 | |a Introductory nuclear physics |
| 300 | |a 845 p | ||
| 942 | |c BK | ||
| 945 | |d 19900319 00:00:00 | ||
| 260 | |a Nueva York |b Wiley |c 1988 | ||
| 650 | 7 | |a FISICA NUCLEAR |2 CL-VaPUC |9 270366 | |
| 583 | |a last modification |c 19900319 00:00:00 |k Rodrigo Vera | ||
| 999 | |c 222263 |d 222261 | ||
| 952 | |0 0 |1 0 |4 0 |6 539_700000000000000_KRA_1988 |7 0 |8 A |9 216720 |a BIBCUR |b BIBCUR |d 2019-11-15 |i 285497K |o 539.7 KRA 1988 |p 285497K |r 2025-04-22 |w 2019-11-15 |y BK |k FIS | ||